[Event "FIDE World Cup-D playoff"]
[Site "Shenyang"]
[Date "2000.09.05"]
[Round "1.2"]
[White "Gelfand, Boris"]
[Black "Tkachiev, Vladislav"]
[Result "1/2-1/2"]
[WhiteElo "2681"]
[BlackElo "2657"]
[Annotator "Huzman,A"]
[PlyCount "108"]
[EventDate "2000.09.05"]
[EventType "match"]
[EventRounds "3"]
[EventCountry "CHN"]
[SourceTitle "CBM 079"]
[Source "ChessBase"]
[SourceDate "2000.11.21"]
[SourceVersion "1"]
[SourceVersionDate "2000.11.21"]
[SourceQuality "1"]

1. d4 d5 2. c4 dxc4 3. e4 e5 4. Nf3 Bb4+ 5. Nc3 exd4 6. Nxd4 Ne7 7. Bxc4 Nbc6
8. Be3 O-O 9. Ndb5 Ba5 (9... Bd7 10. a3 Ba5 11. b4 Bb6 12. Bxb6 axb6 13. O-O (
13. f4 Na7 14. Nxa7 Rxa7 15. O-O Kh8 16. Qb3 Qe8 17. Rad1 $16 {1-0 Vyzmanavin,
A-Bagirov,V/Podolsk 1992/CBM 33 (98)}) 13... Ne5 14. Bb3 Bxb5 15. Nxb5 c6 16.
Nd6 Nc8 17. Nf5 b5 18. a4 bxa4 19. Bxa4 g6 20. Ne3 Nd6 21. Nc2 {1/2-1/2
Gavrikov,V-Huebner,R/SWZ-chT 1994/EXT 97 (21)}) 10. O-O a6 11. Nd4 Ne5 (11...
Nxd4 12. Bxd4 Qd6 13. Be3 Be6 14. Qb3 Bxc4 15. Qxc4 Qc6 16. Qxc6 Nxc6 17. Nd5
Rfe8 18. f3 {1/2-1/2 Khalifman,A-Tkachiev,V/FIDE World Cup Gp D, Shenyang CHN
2000 (18)}) 12. Be2 Bb6 13. Kh1 {The plan of the White consists of seizing
space on the king's side by moves f4 and e5.} ({But immidiately} 13. f4 {
was not good because of} Ng4 (13... N5c6 14. Nc2 $14) (13... N7c6 14. Nc2 $36)
14. Bxg4 Bxg4 15. Qxg4 (15. Qd2 Nc6 $19) 15... Bxd4 16. Qg3 Re8 $11) 13... Qd6
(13... Qd7 14. f4 N5g6 15. Qd2 $14) 14. f4 N5c6 15. e5 Qh6 16. Nxc6 Qxc6 17.
Bf3 Qh6 18. Bxb6 Qxb6 19. Na4 $36 Qh6 (19... Qa5 20. a3 Bf5 21. b4 (21. Bxb7
Rad8 22. Qb3 Rb8 $17) 21... Qb5 22. Nc5 Rfd8 23. Qb3 $14) 20. Nc5 Nf5 21. Qe1
Rb8 22. Be4 $1 {/\23.Nb7} b6 (22... Nd4 23. Rd1 Ne6 24. Nxe6 Bxe6 25. Qa5 $36)
23. Bxf5 bxc5 24. Bxc8 Rfxc8 25. Qc3 Rb4 (25... Rd8 26. b3 Rd5 27. Rae1 Rbd8
28. f5 $36) 26. f5 $16 {White received clear advantage.The pawns of the
queen's side are weak and White have a strong pair of pawns f5and e5.} Rh4 27.
h3 Rd8 (27... Re8 $142 28. Rae1 $16) 28. Rad1 Rdd4 29. Rxd4 cxd4 30. Qf3 $18 c6
31. e6 $1 (31. Qb3 g5 32. fxg6 Qxg6 33. e6 $18) 31... fxe6 32. Qxc6 (32. fxe6
Qf6 33. e7 $1 $18) 32... Qf6 33. Qe8+ Qf8 34. Qxe6+ Qf7 35. Qc8+ Qf8 36. Qxa6
Re4 37. f6 gxf6 38. Rxf6 Qe7 39. Qd6 (39. Rf1 Kg7 40. Qd3 $18) 39... Qxd6 40.
Rxd6 Kf7 41. Kh2 Ke7 $132 42. Rc6 Re2 43. Rc4 d3 (43... Rxb2 44. Rxd4 Rxa2 45.
Rh4 $18) 44. Rb4 Rc2 $11 45. a4 d2 46. Rd4 Rxb2 47. Kg3 Ra2 48. Kf3 Rxa4 49.
Rxd2 Kf7 50. Rd6 Kg7 51. Re6 Rb4 52. Re4 Rb2 53. g3 Kg6 54. Kg4 Rb6 1/2-1/2

[Event "United Insurance 5th"]
[Site "Dhaka"]
[Date "2001.03.04"]
[Round "13"]
[White "Rausis, Igors"]
[Black "Volzhin, Alexander"]
[Result "1/2-1/2"]
[WhiteElo "2525"]
[BlackElo "2539"]
[Annotator "Huzman,A"]
[PlyCount "48"]
[EventDate "2001.02.19"]
[EventType "tourn"]
[EventRounds "13"]
[EventCountry "BAN"]
[EventCategory "8"]
[SourceTitle "CBM 082"]
[Source "ChessBase"]
[SourceDate "2001.05.17"]
[SourceVersion "1"]
[SourceVersionDate "2001.05.17"]
[SourceQuality "1"]

1. d4 d5 2. c4 dxc4 3. e4 Nf6 4. e5 Nd5 5. Bxc4 Nb6 6. Bd3 Nc6 7. Be3 Nb4 8.
Be4 f5 9. exf6 exf6 10. Nc3 f5 11. Bf3 c6 12. Nh3 N6d5 (12... Be6 13. O-O Bd6
14. Re1 O-O 15. Ng5 Bc4 16. b3 Bf7 17. Nxf7 Rxf7 18. a3 N4d5 19. Nxd5 Nxd5 20.
Bxd5 cxd5 21. Qf3 Qh4 22. g3 Qe4 $15 {1/2-1/2 Zaja,I-Ganguly,S/Istanbul TUR
2000/ (44)}) 13. O-O (13. Bg5 Be7 14. Qe2 O-O 15. Bxe7 (15. Nxd5 Bxg5 16. Nc7
Qxc7 17. Nxg5 Qd8 18. Qc4+ Nd5 19. Bxd5+ cxd5 20. Qc1 Re8+ $17) (15. Bxd5+ Nxd5
16. Nxd5 Bxg5 17. Nxg5 Re8 18. Ne3 Qxg5 $17) 15... Qxe7 16. Qxe7 Nxe7 17. O-O-O
f4 $1 18. Ng5 Bf5 $36) 13... Be7 14. Nxd5 (14. a3 $5 Nxc3 (14... Nxe3 15. fxe3
Na6 16. Qb3 $36) 15. bxc3 Nd5 16. Bd2 O-O (16... Be6 17. Re1 Qd7 18. Bxd5 $1
Bxd5 19. Bg5 $18) 17. Nf4 Nxf4 18. Bxf4 Be6 19. Re1 Bd5 $11) 14... Nxd5 15. Qb3
Nxe3 16. fxe3 Qb6 $11 17. Qc4 Bd7 {[%cal Yb6b4]} 18. a3 $6 (18. Nf4 Qb4 19. Qc2
Bg5 20. a3 Qd6 $15) 18... O-O-O 19. Nf4 Kb8 20. Ne6 Bxe6 21. Qxe6 Bg5 22. Qe5+
Qc7 ({In my opinion Black have much better chances in the middlegame after} 
22... Ka8 $1 23. Kh1 g6 $17 {[%csl Re3]}) 23. Qxc7+ Kxc7 24. Kf2 f4 1/2-1/2

[Event "American Continental 3rd"]
[Site "Buenos Aires"]
[Date "2005.08.14"]
[Round "9"]
[White "Sorin, Ariel"]
[Black "Echavarria, Johann"]
[Result "1-0"]
[WhiteElo "2496"]
[BlackElo "2362"]
[Annotator "Huzman,A"]
[PlyCount "133"]
[EventDate "2005.08.06"]
[EventType "swiss"]
[EventRounds "11"]
[EventCountry "ARG"]
[SourceTitle "CBM 109"]
[Source "ChessBase"]
[SourceDate "2005.11.14"]
[SourceVersion "1"]
[SourceVersionDate "2005.11.14"]
[SourceQuality "1"]

1. d4 d5 2. c4 dxc4 3. e4 Nf6 4. e5 Nd5 5. Bxc4 Nb6 6. Bb3 Nc6 7. Ne2 Bf5 8.
Nbc3 e6 9. a3 Qd7 10. Ba2 O-O-O (10... Be7 11. O-O O-O-O 12. Be3 f6 13. f4 h5
14. Qe1 h4 15. Rd1 Nd5 16. Nxd5 exd5 17. b4 h3 18. g3 Be4 19. Rf2 Rdf8 20. b5
Nd8 21. Qa5 Kb8 22. Nc3 $16 {1-0 Ilincic,Z-Lekic,D/Nis 1997/EXT 2002 (33)}) 11.
Be3 f6 12. exf6 (12. f4 Qe8 13. Qc1 Qg6 14. O-O Kb8 15. b4 h5 $15) 12... gxf6
13. O-O h5 14. Ng3 (14. d5 Nxd5 15. Nxd5 exd5 16. Nd4 Rg8 17. Nxc6 Qxc6 18. Rc1
Qe6 $17) 14... Bg6 (14... Bg4 15. f3 h4 16. fxg4 $5 (16. Nge4 Bf5 17. Nxf6 Qg7
18. Nfe4 Nxd4 $36) 16... hxg3 17. h3 Bh6 18. Qd2 Bxe3+ 19. Qxe3 Nxd4 20. Rxf6
$13) 15. Qf3 (15. Nge4 $1 h4 $5 (15... Bf5 16. Nxf6 Qf7 17. Nfe4 Bg7 $44 18.
Ng5 Qg6 19. Ne2 Nd5 20. h4 $16) (15... Bxe4 16. Nxe4 f5 17. Nc5 Bxc5 18. dxc5
Nd5 19. Bg5 Rde8 20. h4 Qg7 21. Bxd5 exd5 22. Qxd5 $16) 16. Nxf6 Qf7 17. Nfe4
Bf5 $44) 15... f5 $1 16. Nge2 e5 (16... h4 17. Nf4 Bf7 18. Rfe1 Bg7 19. Rad1
Kb8 20. d5 Nxd5 21. Nfxd5 exd5 22. Bxd5 Ne5 23. Qf4 h3 $13) 17. Qg3 (17. dxe5
Nxe5 18. Qh3 Bd6 19. Nf4 Bf7 $132) (17. d5 Ne7 18. Rfd1 Kb8 (18... Ng8 19. Qg3
Qe8 20. f4 $14) (18... f4 19. Bxb6 cxb6 20. Ne4 Kb8 21. Rac1) 19. d6 cxd6 20.
Bxb6 axb6 21. Nd5 h4 $132) 17... Bf7 18. Bxf7 Qxf7 19. dxe5 Rg8 (19... Nc4 $5
20. Nb5 Rg8 21. e6 (21. Qh3 Kb8 $132) 21... Rxg3 22. exf7 Rg7 $11) 20. Qh3 Nxe5
21. Rad1 Re8 22. Ng3 (22. Bxb6 $1 axb6 23. Ng3 Ng4 24. Qxh5 Qxh5 25. Nxh5 Rh8 (
25... Nxh2 26. Kxh2 Rh8 27. g4 fxg4 28. Rd5 $18) 26. Ng3 f4 27. Nge4 Nxh2 28.
Rfe1 Bg7 (28... Ng4 29. Nd5 $16) 29. f3 $16) 22... Ng4 23. Qxh5 Qxh5 24. Nxh5
Nxh2 25. Kxh2 Rh8 26. Bxb6 Rxh5+ 27. Kg3 axb6 $11 28. Rfe1 Bd6+ 29. Kf3 Rxe1
30. Rxe1 Rh4 31. Nd5 Rd4 32. Ne3 b5 (32... Rd3 33. Ke2 Rb3 34. Nxf5 Rxb2+ 35.
Kf3 Bxa3 36. g4 Kd7 $13) 33. g3 Rd3 34. Re2 Rb3 35. Kg2 Be5 (35... f4 36. gxf4
Bxf4 $11) 36. Nxf5 Bxb2 37. g4 Bc1 38. Nd4 Rxa3 39. Nxb5 $13 Ra4 40. f3 c6 $6 (
40... Bf4 $142 41. Nc3 Ra5 42. Ne4 Kd7 $11) 41. Nd6+ Kc7 42. Ne4 $14 b5 43. g5
Kb6 44. g6 Ra7 45. Kf1 (45. Re1 Bb2 46. f4 $16) 45... b4 46. Rg2 Ra1 47. Rg4
Bh6+ 48. Ke2 Bg7 (48... b3 49. g7 Bxg7 50. Rxg7 b2 $11) 49. Nd2 c5 50. f4 Kb5
51. f5 Rh1 (51... Ra2 52. Kd3 Ra3+ $11) 52. Ne4 b3 53. f6 Rh2+ $2 (53... Bxf6
$1 54. g7 (54. Nxf6 b2 55. Nd5 Rc1 56. g7 b1=Q 57. g8=Q Qc2+ 58. Ke3 Re1+ 59.
Kf4 Qe4+ 60. Kg5 Qxg4+ $1 $19) 54... Rh2+ 55. Ke3 Bd4+ 56. Kf4 Bxg7 57. Rxg7 b2
58. Ke3 $11) 54. Kf3 Rh3+ (54... Bxf6 55. Nxf6 b2 56. Rg1 Rh6 57. Nd5 $18) 55.
Rg3 (55. Kg2 $18) 55... Rxg3+ (55... Rh8 56. fxg7 Rg8 57. Ke2 Kb4 58. Nd2 c4
59. Rg4 Rxg7 60. Rxc4+ Ka3 61. Rg4 $18) 56. Kxg3 Bxf6 57. Nxf6 b2 58. Ne4 Kb4
59. Nd2 Kc3 (59... c4 60. g7 c3 61. g8=Q cxd2 62. Qg4+ Kc3 63. Qd1 $18) 60.
Nb1+ Kc2 61. g7 Kxb1 62. g8=Q Kc2 63. Qc4+ Kd2 64. Qb3 Kc1 65. Qc3+ Kb1 66.
Qxc5 Ka2 67. Qc2 1-0

[Event "Moscow Aeroflot op-A"]
[Site "Moscow"]
[Date "2004.02.20"]
[Round "4"]
[White "Van Wely, Loek"]
[Black "Rustemov, Alexander"]
[Result "1/2-1/2"]
[WhiteElo "2617"]
[BlackElo "2585"]
[Annotator "Huzman,A"]
[PlyCount "98"]
[EventDate "2004.02.17"]
[EventType "swiss"]
[EventRounds "9"]
[EventCountry "RUS"]
[SourceTitle "CBM 100"]
[Source "ChessBase"]
[SourceDate "2004.06.01"]
[SourceVersion "1"]
[SourceVersionDate "2004.06.01"]
[SourceQuality "1"]

1. d4 d5 2. c4 dxc4 3. e4 Nf6 4. e5 Nd5 5. Bxc4 Nb6 6. Bd3 Nc6 7. Ne2 Be6 8.
Nbc3 Qd7 9. Be4 O-O-O 10. Be3 Bf5 11. O-O Bxe4 12. Nxe4 e6 13. a3 Be7 14. b4 (
14. Qc2 f5 15. exf6 gxf6 16. b4 Rhg8 17. b5 Na5 18. a4 f5 19. Nc5 Bxc5 20. dxc5
Nbc4 21. Rad1 Qg7 22. Nf4 $1 Qf7 23. b6 axb6 24. cxb6 e5 $11 {1/2-1/2 Volkov,
S-David,A/Istanbul 2003/CBM 96/[Huzman] (57)}) 14... f5 15. exf6 Bxf6 $1 (15...
gxf6 16. Qc2 f5 17. Nc5 Bxc5 18. dxc5 Nd5 19. b5 Ne5 20. c6 $36) 16. Kh1 (16.
Rc1 $5 Nxd4 (16... e5 17. Qc2 exd4 18. Nxf6 gxf6 19. Nxd4 Nxd4 20. Bxd4 Rhg8
21. g3 $16) 17. Nxf6 Nxe2+ 18. Qxe2 gxf6 19. Bxb6 axb6 20. Rc3 Qf7 21. Rfc1 Rd7
22. a4 $44) 16... e5 $1 17. Nxf6 gxf6 18. dxe5 Qxd1 19. Raxd1 Nxe5 $132 {
[%csl Ra3,Rf6][%cal Yb6c4,Ge2f4,Gf4d5][%mdl 4096] This endgame is very
complicated because both of players have pawn weaknesses.} 20. Nf4 (20. Bxb6
axb6 21. Nf4 c6 $11) 20... Nbc4 21. Nd5 (21. Bc1 c6 $11) 21... Nxa3 22. Nxf6
Nd3 $1 23. Ra1 Nb5 24. g4 a6 (24... Nxb4 25. Bxa7 Nxa7 26. Rxa7 c5 $132) 25.
Rab1 (25. Ra4) 25... Na3 $1 26. Rb3 Nc2 $15 27. Bh6 {White allow Black to
sacrifise exchange.Three connected passed pawns give Black exellent winning
chances.} (27. Rfb1 Nxe3 28. fxe3 h6 $15) 27... Ncxb4 28. Bg7 Rhg8 $1 29. Nxg8
Rxg8 30. Bh6 (30. Bc3 Rxg4 31. Bxb4 Nxb4 32. f4 (32. Rg1 Rf4 (32... Rxg1+ 33.
Kxg1 $13) 33. Rg7 h5 $15) 32... Nd5 33. f5 Rg7 $17) 30... Rxg4 31. f4 Rg6 32.
f5 Rf6 (32... Rxh6 33. f6 Rxf6 34. Rxf6 c5 35. Rf7 c4 (35... h5 36. Rb1 $132 {
[%cal Gb1g1,Gg1g8]}) 36. Rb1 {[%cal Gb1g1,Gg1g8]} Kb8 37. Rg1 c3 38. Rxh7 c2
39. h4 $132) 33. Be3 b6 $2 (33... a5 $5 $17) 34. Rd1 Rxf5 35. Rdxd3 Nxd3 36.
Rxd3 {This endgame needs special analysis.I think that Black missed winning
possibilities.} a5 37. Ra3 Kb7 38. Kg2 Ka6 39. Bd2 Rd5 40. Be1 c5 41. Kf3 Rd4
42. Ke2 a4 43. Rh3 Rd7 44. Bd2 Kb5 45. Kd1 Kc4 46. Kc2 b5 47. Be3 b4 48. Rh4+
Kb5 49. Rh5 Rc7 1/2-1/2

[Event "EU-chT (Men) 14th"]
[Site "Plovdiv"]
[Date "2003.10.18"]
[Round "7.4"]
[White "Gyimesi, Zoltan"]
[Black "Sermek, Drazen"]
[Result "1-0"]
[WhiteElo "2537"]
[BlackElo "2568"]
[Annotator "Huzman,A"]
[PlyCount "57"]
[EventDate "2003.10.10"]
[EventType "team-swiss"]
[EventRounds "9"]
[EventCountry "BUL"]
[SourceTitle "CBM 098"]
[Source "ChessBase"]
[SourceDate "2004.02.03"]
[SourceVersion "1"]
[SourceVersionDate "2004.02.03"]
[SourceQuality "1"]
[WhiteTeam "Hungary"]
[BlackTeam "Slovenia"]
[WhiteTeamCountry "HUN"]
[BlackTeamCountry "SLO"]

1. d4 d5 2. c4 dxc4 3. Nf3 c5 4. e4 Nf6 5. e5 Nd5 6. Bxc4 e6 (6... Nb6 7. Bb3 (
7. Bd3 cxd4 8. Nxd4 e6 9. O-O $16 {0-1 Ismail,I-Szakolczai,P/Stockerau 1993/
EXT 97 (44)}) 7... e6 8. Nc3 (8. O-O Bd7 9. dxc5 Bxc5 10. Nc3 Bc6 11. Qe2 Qc7
12. Bf4 h6 13. Rac1 Qe7 14. Ne4 $16 {1-0 Gruenberg,H-Heinbuch,D/Germany 1994/
GER-chT2 (32)}) 8... Nc6 9. d5 exd5 10. Nxd5 Be6 11. Bg5 Qd7 12. Nxb6 Qxd1+ 13.
Rxd1 axb6 14. Bxe6 fxe6 15. a3 Be7 $11 {1/2-1/2 Crouch,C-Karolyi,T/Nottingham
1987/EXT 2002 (22)}) (6... Nc6 7. dxc5 e6 8. O-O Bxc5 9. Nbd2 O-O 10. Qe2 Na5
11. Ne4 $14 {1/2-1/2 Krutti,V-Kallai,G/HUN 1998/EXT 2000 (14)}) 7. O-O (7. Bg5
Be7 8. Bxe7 Nxe7 9. Nc3 (9. dxc5 $5) 9... cxd4 10. Qxd4 Qxd4 11. Nxd4 Nbc6 12.
Nxc6 Nxc6 13. f4 Ke7 14. Kf2 Bd7 $14 {0-1 Hummel,P-Afek,Y/Oakham 2000/CBM 75
ext (44)}) 7... Nb6 (7... Nc6 8. Bg5 Qa5 9. dxc5 Qxc5 10. Qe2 h6 11. Bd2 Bd7
12. Nc3 $14 {0-1 Itter,E-Marcotulli,G/IECG 2002/Telechess CBM 91 (19)}) 8. Bd3
Nc6 (8... cxd4 9. Nxd4 Bc5 10. Nb3 Be7 11. Nc3 O-O 12. Qe2 $16) 9. dxc5 Bxc5 (
9... Nd5 $142 {Stopping Nc3} 10. a3 Bxc5 11. Qc2 Bb6 (11... Be7 12. Nbd2 Bd7
13. Ne4 Rc8 14. Qe2 Qc7 15. Ng3 $16 {[%csl Re8]}) 12. Nbd2 $16 {[%cal Gd2c4,
Gd2e4]}) 10. a3 h6 (10... O-O $2 11. Bxh7+ Kxh7 12. Qc2+ $18) (10... Nd5 $142)
11. Nc3 Nd5 12. Ne4 $16 Be7 13. Qe2 Qc7 14. Ng3 $1 {[%mdl 128] Having weakened
his K-side by h7-h6, Black can't opt for a short castle} Bd7 (14... O-O 15. Qe4
f5 16. exf6 Nxf6 17. Qg6 $16) 15. b4 {[%mdl 32] No hiding is left for the K on
the Q-side as well} a6 16. Bd2 g5 {[%csl Re5][%cal Yg5g4]} 17. Qe4 h5 $2 (17...
g4 $142 18. Qxg4 Nxe5 19. Nxe5 Qxe5 20. Rac1 Qb2 21. Ne4 $16 f5 $140 22. Qg6+
Kd8 23. Nc5 $1 Bxc5 24. Bc3 $1 Bxf2+ 25. Kh1 Nxc3 26. Qf6+ Kc7 27. Rxc3+ Kb8
28. Rc8+ $18) 18. Bxg5 $6 (18. Rfe1 $1 g4 19. Ng5 h4 20. Nxf7 $1 Kxf7 21. Qg6+
Kf8 22. Bh6+ Rxh6 23. Qxh6+ Ke8 24. Bg6+ $18) 18... Bxg5 19. Nxg5 Qxe5 20. Nf3
(20. h4 $5 $16 {[%csl Rh5]}) 20... Qf6 (20... Qxe4 21. Nxe4 Ke7 22. Nc5 $16)
21. Bc4 Nc3 (21... Nce7 22. Ne5 Rd8 23. Rac1 $16) 22. Qe3 h4 23. Ne2 (23. Nf5
Qxf5 24. Qxc3 Rg8 25. Rfd1 Rc8 $132) 23... Nxe2+ 24. Bxe2 O-O-O {getting from
a fire to an even hotter place} (24... Ne7 $142 25. Ne5 Nd5 26. Qd4 Rd8 27. f4
Rg8 28. Rac1 $16) 25. Rac1 $40 {[%csl Rc8]} Rdg8 (25... Kb8 26. Qb6 Ka8 27.
Bxa6 bxa6 28. Qxa6+ Kb8 29. b5 $18) 26. Ne5 Be8 27. Bf3 $18 Qg5 28. Qd4 {
The whole bunch of black pieces (Qg5, Rg8 and h8) are in limbo- the K is doomed
} Qxg2+ 29. Bxg2 1-0

[Event "Montreal 6th"]
[Site "Montreal"]
[Date "2005.08.07"]
[Round "5"]
[White "Huzman, Alexander"]
[Black "Krush, Irina"]
[Result "1-0"]
[WhiteElo "2577"]
[BlackElo "2452"]
[Annotator "Huzman,A"]
[PlyCount "47"]
[EventDate "2005.08.03"]
[EventType "tourn"]
[EventRounds "11"]
[EventCountry "CAN"]
[EventCategory "12"]
[SourceTitle "CBM 109"]
[Source "ChessBase"]
[SourceDate "2005.11.14"]
[SourceVersion "1"]
[SourceVersionDate "2005.11.14"]
[SourceQuality "1"]

1. d4 d5 2. c4 dxc4 3. e4 Nc6 4. Nf3 Bg4 5. d5 Bxf3 6. gxf3 (6. Qxf3 Nd4 7. Qc3
e5 8. Qxc4 (8. dxe6 $4 Bb4 $19) 8... c6 $132) 6... Ne5 7. f4 (7. Nc3 e6 8. f4
Nd3+ 9. Bxd3 cxd3 10. dxe6 fxe6 11. Qh5+ Kd7 $2 (11... g6 $1 12. Qe5 Nf6 13.
Qxe6+ Qe7 14. Qxe7+ Bxe7 $11) 12. Be3 c6 13. O-O-O Kc7 14. Rxd3 $5 (14. Qe5+ $1
Qd6 15. Rxd3 $16) 14... Qxd3 15. Rd1 Qxd1+ 16. Kxd1 Nf6 17. Qf7+ Nd7 18. Ke2 (
18. Ne2 $5 c5 19. Qxe6 $16) 18... Bb4 19. e5 Bxc3 20. bxc3 Rae8 21. Bc5 $16 {
1-0 Loginov,A-Donchenko,A/St Petersburg 1999/CBM 74/[Huzman] (31)}) (7. Bf4 Ng6
8. Bg3 Nf6 9. Bxc4 e6 10. Qa4+ Nd7 11. Nc3 $16 {1-0 Lehnert,R-Kars,E/IECG 2002/
Telechess CBM 105 (11)}) 7... Nd3+ 8. Bxd3 cxd3 9. Qxd3 ({At first White could
try to make worse the position of Qd8.} 9. Qb3 $5 Qc8 10. Qxd3 e6 11. Nc3 Qd7
12. Be3 $36) 9... c6 10. Nc3 Nf6 ({White got a clear advantage due to his
development advantage after} 10... e6 11. Be3 exd5 (11... Nf6 12. d6 $16) (
11... cxd5 12. exd5 Nf6 13. O-O-O Nxd5 14. Nxd5 (14. Qb5+ Qd7 15. Qxd7+ Kxd7
16. Nxd5 exd5 17. Rxd5+ Kc6 18. Rhd1 Be7 $11) 14... Qxd5 15. Qxd5 exd5 16. Rxd5
Rc8+ 17. Kb1 b6 18. Rhd1 $16) 12. exd5 Nf6 13. O-O-O Nxd5 14. Rhe1 $1 Ne7 15.
Qc4 Qa5 16. Bc5 $18) 11. Be3 g6 12. O-O-O Qc8 (12... Qc7 13. Kb1 Bg7 14. dxc6
Qxc6 (14... bxc6 15. e5 Nd7 (15... Ng4 16. Bc5 $16) 16. Rd2 Nb6 17. Rc1 $16)
15. Rc1 O-O 16. Nd5 (16. Rhd1 Qe6 17. e5 Ng4 18. Qd7) 16... Qe8 (16... Qe6 17.
Nc7 Qxe4 18. Qxe4 Nxe4 19. Nxa8 Rxa8 20. Rhd1 $18) 17. e5 $16) (12... Qd7 13.
Kb1 Bg7 14. dxc6 $16) 13. Kb1 Bh6 $2 {White gets a big advantage now because
of the unprotected position of Nf6.} (13... Bg7 14. dxc6 (14. Rhg1 $5 O-O 15.
f5 Rd8 16. Bg5 $36) (14. d6 exd6 15. Qxd6 Qe6 16. Qb4 a5 17. Qxb7 O-O 18. e5
Rfb8 19. Qc7 Nd5 20. Nxd5 cxd5 $44) 14... bxc6 (14... Qxc6 15. Rc1 O-O 16. Rhd1
$16) 15. e5 Nd7 16. h4 $16) 14. d6 $1 exd6 15. Qxd6 Qe6 (15... Ng4 16. h3 Bf8
17. Qd4 Nxe3 18. fxe3 Rg8 19. e5 $16) 16. Qb4 $1 {[%cal Gb4f8,Gb4b7] White
prevents to castle and wins the time to concentrate all his pieces for attack.
Development advantage became the main factor in the assesment of the position.}
Qc8 17. Rd3 {[%mdl 32]} (17. e5 $5 Bf8 18. Qb3 Ng4 19. Ne4 Be7 (19... Qf5 20.
Qxb7 $18) 20. Bd4 O-O $16) (17. Rd6 Nh5) 17... b6 (17... a5 $142 18. Qc5 Bf8
19. Qb6 Be7 20. Rhd1 O-O (20... Ra6 21. Qd4 O-O 22. e5 Ng4 23. Qd7 $16) 21. e5
$18) 18. Rhd1 $18 Bf8 (18... Nh5 19. f5 Bxe3 20. Rxe3 Qc7 21. e5 $18) 19. Rd8+
Qxd8 20. Rxd8+ Rxd8 21. Qa4 Rc8 (21... Nd7 22. Bd4 Rg8 23. Qxc6 $18) 22. Qxa7
Bb4 $2 (22... Bg7 23. e5 Nh5 (23... Nd7 24. Qb7 $18) (23... Ng4 24. Bxb6 O-O
25. Qd7 h5 26. h3 Nh6 27. Bc7 $18) 24. Na4 O-O 25. Nxb6 $18) (22... Bc5 23.
Bxc5 bxc5 24. Qxc5 Nd7 25. Qd6 $18) 23. Bd4 Be7 24. Qb7 1-0

[Event "Poikovsky Karpov 06th"]
[Site "Poikovsky"]
[Date "2005.03.05"]
[Round "7"]
[White "Onischuk, Alexander"]
[Black "Bacrot, Etienne"]
[Result "0-1"]
[WhiteElo "2652"]
[BlackElo "2715"]
[Annotator "Huzman,A"]
[PlyCount "124"]
[EventDate "2005.02.26"]
[EventType "tourn"]
[EventRounds "9"]
[EventCountry "RUS"]
[EventCategory "18"]
[SourceTitle "CBM 106"]
[Source "ChessBase"]
[SourceDate "2005.06.06"]
[SourceVersion "1"]
[SourceVersionDate "2005.06.06"]
[SourceQuality "1"]

1. d4 d5 2. c4 dxc4 3. e4 Nf6 4. e5 Nd5 5. Bxc4 Nb6 6. Bb3 Nc6 7. Ne2 Bf5 8.
Nbc3 e6 9. O-O Qd7 10. Be3 O-O-O 11. Rc1 Kb8 (11... f6 12. exf6 gxf6 13. Ng3
Bg6 (13... Nxd4 14. Qxd4 Qxd4 15. Bxd4 Rxd4 16. Nb5 Rd2 17. Rxc7+ Kb8 18. Nxf5
exf5 19. Rd1 $16) 14. Qf3 Na5 15. Nge4 Nxb3 16. Nxf6 Qf7 17. axb3 a6 18. Bf4 c6
19. Na4 Nd5 20. Nb6+ {1-0 Skatchkov,P-Donchenko,A/Tula 1999/EXT 2000 (20)}) (
11... Nb4 12. Qd2 Be7 13. a3 N4d5 14. Nxd5 Nxd5 15. Qa5 Kb8 16. Bxd5 exd5 17.
Nc3 Bd3 18. Rfd1 Bc4 $11 {0-1 Hammes,M-Wiley,T/Bad Wiessee 2002/EXT 2003 (39)})
(11... h5 12. Na4 h4 13. h3 f6 14. Nxb6+ axb6 15. Ba4 $1 $16 {1-0 Onischuk,
A-Makarov,M/Sochi 2004/CBM 101/[Huzman] (40)}) 12. Na4 Be7 13. Nc5 (13. Nxb6
cxb6 14. Ba4 h5 15. a3 h4 16. h3 f6 17. Bb5 fxe5 18. Qa4 Rc8 19. dxe5 Bd3 20.
Rfd1 Bxb5 21. Qxb5 Qe8 22. Qc4 Qf7 23. Qe4 $14 {1/2-1/2 Epishin,V-Kasparov,S/
Deizisau 2003/CBM 93 ext (34)}) 13... Bxc5 14. Rxc5 (14. dxc5 Nd5 $15) 14...
Ne7 15. Qd2 (15. Ng3 Bg6 16. Qf3 Nbd5 17. Rfc1 f6 $132) 15... Nbd5 16. a4 f6
$132 17. exf6 (17. Rfc1 $5 fxe5 $140 18. Bg5 $44) 17... gxf6 18. Nf4 $2 (18.
Rfc1 h5 (18... Rhg8 19. Ng3 Bg6 20. Bf4) 19. Nf4 b6 20. R5c4 h4 $132) 18... b6
(18... Nxf4 19. Bxf4 e5 20. Be3 Be6 $15 {[%csl Rd4]}) 19. Rcc1 Nxf4 20. Bxf4 e5
21. Be3 c5 22. d5 $2 (22. a5 $142 cxd4 23. Bh6 $44 Be4 $1 24. f3 Bd5 $15) 22...
Nxd5 $17 23. Rfd1 Nb4 24. Qc3 Qb7 25. Rd2 Nc6 $1 {[%cal Yc6d4]} 26. f4 Rxd2 27.
Qxd2 (27. Bxd2 Nd4 28. Re1 Rd8 $17) 27... Rd8 28. Qf2 e4 (28... Nd4 $17) 29.
Rd1 Rxd1+ 30. Bxd1 Qd7 31. Qd2 Kc7 32. Qxd7+ Bxd7 33. g4 f5 34. g5 (34. h3 Nb4
$17) 34... Kd6 35. h4 Be6 36. h5 Nb4 37. g6 $2 (37. Be2) 37... hxg6 38. h6 Bg8
$19 39. Bb3 Bh7 40. Bc4 Nd5 $19 41. Bxd5 (41. Kf2 Nxe3 42. Kxe3 Ke7 $19 {
[%cal Ye7f6,Yg6g5]}) (41. Bd2 e3 42. Bc1 Nxf4 43. Bxe3 Ke5 44. Kf2 g5 $19)
41... Kxd5 42. Kf2 Kc4 43. Kg3 (43. Bd2 Kb3 44. Bc3 Kxa4 45. Ke3 Kb3 $19) 43...
Kd3 44. Bg1 (44. Kf2 a5 $19 {[%cal Yd3c2]}) 44... e3 45. Kh4 Ke4 $1 46. Kg5 (
46. Kg3 g5 $1 47. fxg5 f4+ $19) 46... Kf3 47. Bxe3 Kxe3 48. Kf6 Kxf4 49. Kg7 g5
50. Kxh7 g4 51. Kg7 g3 52. h7 g2 53. h8=Q g1=Q+ 54. Kf7 Qd4 $1 55. Qb8+ Kg4 56.
Qxa7 Qxb2 57. a5 Qa2+ 58. Kf6 Qxa5 59. Qg7+ Kf3 60. Qb7+ Ke3 61. Qe7+ Kd2 62.
Qd6+ Kc2 0-1